Statistics for Sgt. Slaughter's career matches

Click here to take the quiz!

General Stats

  • This quiz has been taken 166 times
    (105 since last reset)
  • The average score is 62 of 148

Answer Stats

Answer% Correct
Hulk Hogan
100%
Nikolai Volkoff
95%
The Iron SheIk
95%
"Superfly" Jimmy Snuka
89%
Tito Santana
89%
Andre the Giant
84%
Bob Backlund
84%
Bret "Hit Man" Hart
84%
Greg "The Hammer" Valentine
84%
Ricky "The Dragon" Steamboat
84%
"Rowdy" Roddy Piper
84%
Don Muraco
79%
Dusty Rhodes
79%
Harley Race
79%
Ivan Koloff
79%
Mr. Fuji
79%
"Mr. Wonderful" Paul Orndorff
79%
Ric Flair
79%
Ted Dibiase
79%
Triple H
79%
"Cowboy" Bob Orton
74%
"Hacksaw" Jim Duggan
74%
"Macho Man" Randy Savage
74%
Randy Orton
74%
Rick Martel
74%
The Ultimate Warrior
74%
Barry Windham
68%
Bruno Sammartino
68%
Dino Bravo
68%
Greg Gagne
68%
Jack Brisco
68%
Jerry Brisco
68%
Pat Patterson
68%
Pedro Morales
68%
Ronnie Garvin
68%
Stan Hansen
68%
"Superstar" Billy Graham
68%
Tony Atlas
68%
Verne Gagne
68%
Big John Studd
63%
David Von Erich
63%
Ivan Putski
63%
Jake "The Snake" Roberts
63%
Kamala
63%
Lord Alfred Hayes
63%
Rocky Johnson
63%
Terry Funk
63%
Antonio Inoki
58%
Barry Horowitz
58%
Blackjack Mulligan
58%
Jesse "The Body" Ventura
58%
Jim Powers
58%
Michael Hayes
58%
Nick Bockwinkel
58%
The Brooklyn Brawler
58%
"Iron" Mike Sharpe
53%
Larry "The Ax" Hennig
53%
The Barbarian
53%
Tony Garea
53%
Dick Slater
47%
Jim Brunzell
47%
Koko B. Ware
47%
Kurt Angle
47%
"Mad Dog" Maurice Vachon
47%
Paul "Butcher" Vachon
47%
Terry Gordy
47%
The Honkytonk Man
47%
Boris Zhukov
42%
Bruiser Brody
42%
Chief Jay Strongbow
42%
Jack Swagger
42%
Jerry Blackwell
42%
Jules Strongbow
42%
Mike Rotundo
42%
Paul Jones
42%
Rene Goulet
42%
Rufus R. Jones
42%
S.D. Jones
42%
Tatsumi Fujinami
42%
Wahoo McDaniel
42%
Angelo Mosca
37%
Larry Zbyszko
37%
Mr. Saito
37%
Repo Man
37%
The Mountie
37%
Alberto Del Rio
32%
Al Snow
32%
Bill Irwin
32%
Jay Youngblood
32%
Jerry Valiant
32%
Rick McGraw
32%
Riki Choshu
32%
The Crusher
32%
The Warlord
32%
Bobo Brazil
26%
Eddie Gilbert
26%
Mil Mascaras
26%
Ron Bass
26%
Shohei "Giant" Baba
26%
Swede Hanson
26%
The Masked Superstar
26%
The Missing Link
26%
Tiger Jeet Singh
26%
Buddy Rose
21%
Dick the Bruiser
21%
Jerry Sags
21%
Johnny Rodz
21%
Muhammad Hassan
21%
Nailz
21%
Steven Richards
21%
Tiger Chung Lee
21%
David Schultz
16%
Dominic Denucci
16%
Kengo Kimura
16%
Mr. Wrestling
16%
Pierre
16%
"Sailor" Art Thomas
16%
Antonio Cesaro
11%
Buddy Landell
11%
Chris Masters
11%
Don Kernodle
11%
Doug Somers
11%
Manny Fernandez
11%
Pat O'Connor
11%
Samu
11%
Terry Gibbs
11%
Test
11%
Col. DeBeers
5%
Frenchy Martin
5%
"Iceman" King Parsons
5%
Jumbo Tsuruta
5%
Otto Wanz
5%
Paul Ellering
5%
Pete Doherty
5%
Salvatore Bellomo
5%
Adnan Al-Kassie
0%
Billy Robinson
0%
Funaki
0%
Kendo Nagasaki
0%
Kim Duk
0%
King Tonga
0%
Kokina Maximus
0%
Nord the Barbarian
0%
Samula
0%
Seiji Sakaguchi
0%
Spirit Squad Nicky
0%
The Cuban Assassin
0%
Tony Anthony
0%

Score Distribution

Percentile by Number Answered

Percent of People with Each Score

Your Score History

You have not taken this quiz since the last reset